2013 medical management of HIV infection (Record no. 1069)
[ view plain ]
| 000 -LEADER | |
|---|---|
| fixed length control field | 00626nam a22001937a 4500 |
| 003 - CONTROL NUMBER IDENTIFIER | |
| control field | OSt |
| 005 - DATE AND TIME OF LATEST TRANSACTION | |
| control field | 20210623101148.0 |
| 008 - FIXED-LENGTH DATA ELEMENTS--GENERAL INFORMATION | |
| fixed length control field | 210623b ||||| |||| 00| 0 eng d |
| 020 ## - INTERNATIONAL STANDARD BOOK NUMBER | |
| International Standard Book Number | 9780983711124 |
| 040 ## - CATALOGING SOURCE | |
| Transcribing agency | ALUPE UNIVERSITY |
| 050 ## - LIBRARY OF CONGRESS CALL NUMBER | |
| Classification number | RA 643.86 |
| Item number | .K4M43 2013 |
| 100 ## - MAIN ENTRY--PERSONAL NAME | |
| Personal name | : Bartlett, John G |
| 245 ## - TITLE STATEMENT | |
| Title | 2013 medical management of HIV infection |
| Remainder of title | 2013 medical management of HIV infection |
| 250 ## - EDITION STATEMENT | |
| Edition statement | Kenya edition |
| Remainder of edition statement | Kenya edition |
| 260 ## - PUBLICATION, DISTRIBUTION, ETC. | |
| Place of publication, distribution, etc. | Durham |
| Name of publisher, distributor, etc. | Knowledge source solutions, |
| Date of publication, distribution, etc. | .c2013 |
| 300 ## - PHYSICAL DESCRIPTION | |
| Extent | viii |
| Other physical details | 604 pages |
| 942 ## - ADDED ENTRY ELEMENTS (KOHA) | |
| Source of classification or shelving scheme | |
| Koha item type | Book |
| Suppress in OPAC | DO |
| Withdrawn status | Lost status | Source of classification or shelving scheme | Damaged status | Not for loan | Permanent Location | Current Location | Shelving location | Date acquired | Total Checkouts | Full call number | Barcode | Date last seen | Copy number | Price effective from | Koha item type | Public note | Date last checked out |
|---|---|---|---|---|---|---|---|---|---|---|---|---|---|---|---|---|---|
| AU LIBRARY | AU LIBRARY | Open Shelf | 23.06.2021 | RA 643.86 .K4M43 2013 C1 | 28002166 | 23.06.2021 | 1 | 23.06.2021 | Book | DO | |||||||
| AU LIBRARY | AU LIBRARY | Open Shelf | 23.06.2021 | RA 643.86 .K4M43 2013 C2 | 28002167 | 23.06.2021 | 2 | 23.06.2021 | Book | DO | |||||||
| AU LIBRARY | AU LIBRARY | Open Shelf | 23.06.2021 | 1 | RA 643.86 .K4M43 2013 C3 | 28001351 | 30.05.2023 | 3 | 23.06.2021 | Book | DO | 04.05.2023 |